| 000 | 00520nam a2200181Ia 4500 | ||
|---|---|---|---|
| 008 | 220216s9999 xx 000 0 und d | ||
| 100 | _aChandrashekar T.R. | ||
| 245 | 0 | _aVariation in yield and some physiological characteristics of two Hevea clones in North Konkan | |
| 260 |
_bIndian Journal of Natural Rubber Research _c1993 |
||
| 300 | _a156-158 | ||
| 650 | _aGT 1 | ||
| 650 | _aNorth Konkan | ||
| 650 | _aRRIM 600 | ||
| 650 | _aYield | ||
| 700 | _aSethuraj M.R. | ||
| 700 | _aVijayakumar K.R. | ||
| 942 | _cBS | ||
| 999 |
_c50509 _d50509 |
||